| 000 | 00440nam a2200145Ia 4500 | ||
|---|---|---|---|
| 008 | 220325s9999||||xx |||||||||||||| ||und|| | ||
| 020 | _a978-602-99833-9-5 | ||
| 084 | _a1128-0079 SUL Gov Bo | ||
| 100 | _aSulardi | ||
| 245 | 0 | _aMenuju Sistem Pemerintahan Presidensil Murni | |
| 260 |
_aMalang _bSetara Press _c2012 |
||
| 300 | _ai-xiv + 190 hlm | ||
| 650 |
_aGovernment (Pemerintahan) _eG-O-V _yKonsep Pemerintahan Presidensil |
||
| 942 | _cBK | ||
| 999 |
_c18752 _d18752 |
||